Statistiques concernant Stations du métro de Rennes

Cliquez ici pour prendre le quiz!

Statistiques générales

  • Ce quiz a été pris 782 fois
  • Le résultat moyen est 19 sur 30

Statistiques - réponses

LignesStations% Correct
aRépublique
96%
bSainte-Anne
95%
aSainte-Anne
95%
bGares
85%
aGares
85%
aJ.F. Kennedy
85%
aLa Poterie
84%
aVillejean-Université
81%
aCharles de Gaulle
80%
aHenri Fréville
74%
aAnatole France
70%
aPontchaillou
70%
aItalie
68%
aTriangle
68%
aLe Blosne
67%
aClémenceau
63%
aJacques Cartier
60%
bCesson - Viasilva
57%
bBeaulieu-Université
53%
bSaint-Jacques - Gaïté
53%
bColombier
52%
bSaint-Germain
49%
bLes Gayeulles
48%
bCleunay
47%
bGros-Chêne
40%
bJules Ferry
39%
bJoliot-Curie - Chateaubriand
37%
bMabilais
37%
bLa Courrouze
36%
bAtalante
35%

Distribution des résultats

Percentile par nombre de réponses

% des personnes avec chaque résultat

Votre développement - résultats

Vous n’avez pas pris ce quiz